Music Quiz

Random Music or Song Quiz

The song FORBIDS it!!! Quiz Stats

 Plays Quiz not verified by Sporcle

Score 0/40 Timer 12:00
0 Plays Today
Artist Do NOT... % Correct
JourneyStop Believin'
66.1%
No DoubtSpeak
55.8%
Bobby McFerrinWorry Be Happy
49.6%
Simple MindsYou (Forget About Me)
47.2%
Elton John And Kiki DeeGo Breaking My Heart
47.1%
The PoliceStand So Close To Me
41%
RihannaStop The Music
39%
3OH!3Trust Me
39%
Michael JacksonStop 'Til You Get Enough
32.8%
Black Eyed PeasPhunk With My Heart
25.8%
Ace Of BaseTurn Around
25.2%
Crowded HouseDream It's Over
24.6%
Electric Light OrchestraBring Me Down
24%
Elton JohnLet The Sun Go Down On Me
20.6%
Elvis PresleyBe Cruel
20%
BostonLook Back
17.6%
Tom Petty And The HeartbreakersDo Me Like That
16.9%
Thelma HoustonLeave Me This Way
16.8%
AsiaCry
16.2%
Glass TigerForget Me (When I'm Gone)
16.1%
Artist Do NOT... % Correct
MadonnaTell Me
13.7%
David SoulGive Up On Us
13.3%
PinkLet Me Get Me
12.6%
En VogueLet Go (Love)
12.1%
Rick SpringfieldTalk To Strangers
11.6%
The PretendersGet Me Wrong
11.5%
Petula ClarkSleep In The Subway
9%
Mariah CareyForget About Us
8%
JadeWalk Away
7.9%
Hamilton, Joe Frank And ReynoldsPull Your Love
7.9%
Phil CollinsLose My Number
7.6%
Gerry And The PacemakersLet The Sun Catch You Crying
6.7%
NiveaMess With My Man
5.2%
Paul CarrackShed A Tear
5%
Taylor DayneRush Me
4.2%
The SystemDisturb This Groove
4.2%
MonicaTake It Personal (just one of dem days)
3.9%
The MarvelettesMess With Bill
3%
Glenn MillerSit Under The Apple Tree (With Anyone Else But Me)
2.8%
Pat BooneForbid Me
1.8%

You're not logged in!

Compare scores with friends on all Sporcle quizzes.
OR
Log In

Show Comments

Extras

Top Quizzes Today


Score Distribution

Your Account Isn't Verified!

In order to create a playlist on Sporcle, you need to verify the email address you used during registration. Go to your Sporcle Settings to finish the process.

Report this User

Report this user for behavior that violates our Community Guidelines.

Details: